000
00314nam a22001337a 4500
008
170425b xxu||||| |||| 00| 0 eng d
020
_a
0471219843
041
_a
eng
080
_2
2ND
_a
546
100
_a
12
101
_a
SHM
245
_a
CONCEPTS AND MODELS OF INORGANIC CHEMISTRY
_c
DOUGLAS, B
942
_2
udc
_c
BK
999
_c
11953
_d
11953